000 00633nam a2200229 a 4500
005 20210219153019.0
008 991125n 000 0 u
035 _aUPN01000073139
100 _aWalter, Pam
222 _aNEW DIRECTIONS FOR INSTITUTIONAL RESEARCH
245 _aDocumenting total quality management projects
300 _a95-97
362 _aNo. 78, 1993
505 _aOctubre 1993
653 0 _aADMINISTRACION DE PROGRAMAS
653 0 _aAUTOEVALUACION (GRUPOS)
653 0 _aESTRATEGIAS DE CAMBIO
653 0 _aREGISTRO
653 0 _aSISTEMAS DE DIRECCION
904 _aAC
_b010950
905 _aArticulo
999 _c66247
_d66247